[Event "OHRA-A"]
[Site "Amsterdam"]
[Date "1990.??.??"]
[Round "8"]
[White "Portisch, Lajos"]
[Black "Van der Wiel, John"]
[Result "1-0"]
[WhiteElo "2590"]
[BlackElo "2555"]
[Annotator "Bulletin"]
[PlyCount "97"]
[EventDate "1990.07.??"]
[EventType "tourn"]
[EventRounds "10"]
[EventCountry "NED"]
[EventCategory "14"]
[SourceTitle "CBM 020"]
[Source "ChessBase"]
[SourceDate "1991.02.01"]
[SourceVersion "1"]
[SourceVersionDate "1991.02.01"]
[SourceQuality "1"]

1. d4 e6 2. c4 f5 3. g3 Nf6 4. Bg2 d5 5. Nf3 c6 6. O-O Bd6 7. b3 { 8.>>a3} Qe7
8. Ne5 O-O 9. Nd2 Bd7 10. Ndf3 Be8 11. Nd3 Nbd7 12. Bf4 Bxf4 13. Nxf4 {13.gf4}
h6 $2 {;>>f7; <<d8} (13... dxc4 14. bxc4 e5 15. dxe5 Nxe5 16. Nxe5 Qxe5 $14)
14. cxd5 $1 cxd5 (14... exd5 $2 15. Nh4 $1 g5 16. Nhg6 Qf7 17. Nxf8 gxf4 18.
Nxd7 $18) 15. Rc1 g5 16. Nd3 Nb8 17. Rc8 $6 (17. Nfe5 $1 Nc6 18. Nxc6 Bxc6 19.
Ne5 Rfc8 $14) 17... Bb5 18. Rxf8+ Qxf8 $6 (18... Kxf8 $5 19. Nfe5 Kg7) 19. h4
$1 Qg7 (19... g4 20. Nfe5) (19... Ne4 $6 20. hxg5 hxg5 21. a4 $1) (19... Bxd3
20. hxg5 $1 (20. Qxd3 $6 g4 $2 (20... gxh4 $1) 21. Ne5 Nbd7 22. Nxd7 Nxd7 23.
Qe3) 20... Be4 21. gxf6 Bxf3 22. Bxf3 Qxf6 23. Kg2 { <<f1-h1}) (19... gxh4 $1
20. Nxh4 (20. Nf4 hxg3 21. Nxe6 Qd6) 20... Bxd3 21. Qxd3 Nc6 $10) 20. hxg5 hxg5
21. Nc5 (21. Qc1 Nc6 $1) 21... Ne4 22. Nxe6 $6 (22. Qc1 $1 Bxe2 (22... Nxc5 23.
Qxc5 { 24.1/4c8+} Bd7 24. Qc7 Nc6 25. Qxb7 Rb8 26. Qc7 Rc8 27. Qd6 g4 28. Ne5
Nxd4 { 29...[]xe2+ 30...1/4h6+}) 23. Nxe6 { 24.1/4c1-c8+}) 22... Qh6 $1 {
 23...1/4xe6; 23...[]c3} 23. Qc1 (23. Nfxg5 $5 Nc3 24. Nf4 Nxd1 (24... Qxg5 $2
25. Qc2) 25. Bxd5+ { 25.[]ge6 @}) 23... Qxe6 24. Nxg5 Qd7 (24... Nxg5 25.
Qxg5+ Kf7 26. Qd8) (24... Qc6 25. Qf4 $1) 25. Nxe4 dxe4 $2 (25... fxe4 $1 26.
Qg5+ Kf7 (26... Kh7 27. Bxe4+ dxe4 28. Kg2 $18) 27. Qe3 (27. f3 e3) (27. Qh5+
Kg7 28. Bh3 Qe7 29. Bf5 $13) 27... Nc6 (27... Qe7 $1 28. f3 Ke8 29. fxe4 Nd7)
28. f3 Qe7 $5 (28... Kg8 29. fxe4 dxe4 30. Qg5+ { 31.1/4xb5}) 29. fxe4+ Kg7
30. Rf5 $1) 26. Qg5+ Kf8 (26... Kf7 $2 27. Bh3 $1 Nc6 (27... Bxe2 28. Bxf5 Qd6
29. Re1 Bf3 30. Bxe4 Bxe4 31. Rxe4 Nd7 32. Qh5+ $18 Qg6 33. Re7+ $1) 28. Bxf5
Qd6 29. Qh5+) 27. Qf6+ $1 Qf7 28. Qh8+ Qg8 29. Qe5 Bd7 30. Qc7 Qd5 $2 (30...
Bc6 $1 31. Qc8+ Kg7 32. Qxf5 Qd5 33. Qc8 Qd7) 31. Qd8+ Kf7 32. e3 Bc6 33. Qh8
Qe6 34. Rc1 Qf6 35. Qc8 Qe6 36. Qh8 Qf6 37. Qh7+ $1 Kf8 38. Rc5 Bd7 39. Rc7 $1
b6 $2 (39... Qg7 40. Qh4 $1 Nc6 $2 (40... Ke8 $1 41. Rxb7 Nc6) 41. Rxd7 Qxd7
42. Qh8+) 40. Bf1 $1 {40.<<xd7} Qd6 41. Bc4 Ke8 42. Qg8+ Ke7 43. Qg5+ {43.1/
4c8!  44.1/4b7} Ke8 44. Be2 $1 Nc6 (44... Qxc7 45. Bh5+ Kf8 46. Qf6+ Kg8 47.
Bf7+ Kf8 48. Bg6+ Kg8 49. Qf7+ Kh8 50. Qh7#) 45. Qg8+ Ke7 46. Rxd7+ Qxd7 47.
Qxa8 Nb4 48. a3 Nd3 49. Qg8 $1 1-0

[Event "EU-chT (Men) 10th"]
[Site "Debrecen"]
[Date "1992.11.??"]
[Round "7.1"]
[White "Portisch, Lajos"]
[Black "Nikolic, Predrag"]
[Result "1/2-1/2"]
[WhiteElo "2575"]
[BlackElo "2635"]
[Annotator "Bulletin"]
[PlyCount "85"]
[EventDate "1992.11.20"]
[EventType "team-swiss"]
[EventRounds "9"]
[EventCountry "HUN"]
[SourceTitle "EU-chT"]
[Source "ChessBase"]
[SourceDate "1999.07.01"]
[SourceVersion "2"]
[SourceVersionDate "1999.07.01"]
[SourceQuality "1"]
[WhiteTeam "Hungary"]
[BlackTeam "Bosnia&Herzegovina"]
[WhiteTeamCountry "HUN"]
[BlackTeamCountry "BIH"]

1. d4 f5 2. c4 Nf6 3. g3 e6 4. Bg2 c6 5. Nf3 d5 6. O-O Bd6 7. b3 Qe7 8. Nbd2 b6
9. Bb2 Bb7 10. Ne5 O-O 11. e3 a5 12. Rc1 Ne4 13. Ndf3 Rd8 $5 (13... Nd7) 14.
Nd3 Na6 15. Nfe5 Rac8 16. f3 Nf6 17. Qe2 c5 18. cxd5 exd5 19. Bh3 g6 20. g4
fxg4 21. fxg4 c4 22. bxc4 dxc4 23. Nxc4 Ne4 24. Nxd6 Rxc1 25. Bxc1 Qxd6 $44 26.
Ne5 Qd5 27. Bg2 Nb4 28. Qf3 Ng5 29. Qxd5+ Bxd5 30. e4 Nxe4 31. Bh6 Nd6 32. Bg5
Bxg2 33. Kxg2 Re8 34. Rc1 Rc8 35. Rxc8+ Nxc8 36. a4 Nd5 37. Bd2 Kf8 38. Kf3 Ke7
39. Ke4 Ke6 40. Kd3 Nd6 41. h3 b5 42. axb5 a4 43. Nf3 1/2-1/2

[Event "Corus-B"]
[Site "Wijk aan Zee"]
[Date "2010.01.23"]
[Round "7"]
[White "So, Wesley"]
[Black "Reinderman, Dimitri"]
[Result "1-0"]
[WhiteElo "2656"]
[BlackElo "2573"]
[Annotator "CB"]
[PlyCount "71"]
[EventDate "2010.01.16"]
[EventType "tourn"]
[EventRounds "13"]
[EventCountry "NED"]
[EventCategory "16"]
[SourceTitle "CBM 135"]
[Source "ChessBase"]
[SourceDate "2010.03.17"]
[SourceVersion "1"]
[SourceVersionDate "2010.03.17"]
[SourceQuality "1"]

{As was true of Howell, so was So anxious to bring himself into contention in
the B group. Faced with a favourable pairing against Reinderman, who
languished at the bottom of the crosstable, So took full advantage of his
opportunities.} 1. d4 f5 2. g3 Nf6 3. Bg2 e6 4. Nf3 d5 5. O-O Bd6 6. c4 c6 7.
b3 Qe7 8. Bb2 b6 9. Nbd2 Bb7 10. Ne5 O-O 11. Rc1 a5 12. e3 Na6 13. Qe2 a4 14.
bxa4 Bxe5 15. dxe5 Nd7 16. a5 Nac5 17. Bc3 $146 {leaving Sturua-Vaisser (1996),
where} (17. Nb3 {proved ample for a white victory.}) 17... bxa5 18. Nb3 Nxb3
19. axb3 Nc5 20. Qc2 Ne4 21. Bb2 a4 22. bxa4 Ba6 23. f3 Ng5 24. cxd5 Bxf1 25.
d6 Qa7 26. Bd4 Qa6 27. Rxf1 {to this point, Black's position might have been
fairly described as tolerable, but with} c5 {spurning} (27... Qxa4 {things
simply got worse for him.}) 28. Bxc5 Rfc8 29. Rc1 Rc6 30. h4 Rac8 31. d7 Rd8
32. hxg5 Rxd7 33. f4 Rc8 34. Bf1 Qb7 35. Bc4 Re8 36. Bb5 {Faced with the
prospect of an unopposed wing pawn, which, in order to stop, would require an
investment of material he could not afford, Reinderman shook hands with his
Filipino adversary.} 1-0

[Event "Vienna m"]
[Site "Vienna"]
[Date "2015.08.18"]
[Round "2"]
[White "Ragger, Markus"]
[Black "Mamedyarov, Shakhriyar"]
[Result "1/2-1/2"]
[WhiteElo "2688"]
[BlackElo "2735"]
[Annotator "CB"]
[PlyCount "65"]
[EventDate "2015.08.17"]
[EventType "match"]
[EventRounds "6"]
[EventCountry "AUT"]
[SourceTitle "CBM 168"]
[Source "ChessBase"]
[SourceDate "2015.09.14"]
[SourceVersion "1"]
[SourceVersionDate "2015.09.14"]
[SourceQuality "1"]

1. d4 Nf6 2. c4 e6 3. Nf3 d5 4. g3 Bb4+ 5. Bd2 {In der zweiten Wettkampfpartie
wählt Ragger mit Weiß die katalanische Eröffnung.} Bd6 {Bereits hier weicht
Mamdyarov von seiner einzigen Vorgängerpartie in dieser Variante ab. Gegen
Gelfand wählte er 2009 den Hauptzug Le7.} (5... Be7 6. Bg2 c6 7. O-O Nbd7 8.
Nc3 O-O 9. Bf4 Nh5 10. Bc1 Nhf6 11. b3 b6 12. Nd2 Ba6 13. Bb2 b5 14. cxd5 cxd5
15. a3 Nb6 16. Nf3 Rc8 17. Ne5 Bd6 18. Nd3 Qd7 19. Qd2 Bb7 20. Rfc1 a6 21. Na2
Qe7 22. Qa5 Bc7 23. Nc5 Nbd7 24. Qd2 Nxc5 25. dxc5 Bb8 26. Bxf6 Qxf6 27. b4 Bc6
28. Nc3 Rfd8 29. e3 Be5 30. Rab1 Bxc3 31. Rxc3 d4 32. exd4 Bxg2 33. Kxg2 Rxd4
34. Rd3 Rcd8 35. Rxd4 Qxd4 36. Qxd4 Rxd4 37. Rc1 Kf8 38. Kf3 Ke7 39. Ke3 Rd8
40. a4 bxa4 41. Ra1 e5 42. Rxa4 Rd4 43. f4 f6 44. Rxa6 Rxb4 45. Ra7+ Ke6 46.
fxe5 Rb3+ 47. Ke4 f5+ 48. Kd4 Rb4+ 49. Kc3 Rb5 50. Kc4 Rb2 51. c6 Kxe5 52. Rxg7
Rxh2 53. c7 Rc2+ 54. Kb3 {1-0 (56) Gelfand,B (2733)-Mamedyarov,S (2725)
Nalchik 2009}) 6. Qc2 {Diesmal weicht auch Ragger sofort von seinen vier
Vorgängerpartien ab. Gegen Luther, Sokolov und Tazbir wählte er in der
Vergangenheit Lg2 und einmal gegen Braun Sc3. Sein Score ist in Summe 3,5/4.
Zuletzt gewann er 2014 gegen Tazbir.} (6. Bg2 O-O 7. Nc3 Ne4 8. O-O Nxd2 9.
Nxd2 c6 10. e4 dxe4 11. Ndxe4 Bc7 12. d5 exd5 13. cxd5 Be5 14. Qh5 Nd7 15. Rad1
g6 16. Qe2 Qb6 17. Rfe1 Bg7 18. dxc6 bxc6 19. Rd6 Qc7 20. Qc2 Ne5 21. Nd5 Qb8
22. Ndf6+ Kh8 23. Qc5 Ng4 24. b3 Qb6 25. Rxc6 Qxc5 26. Rxc5 Nxf6 27. Nxf6 Rb8
28. Nd5 Rd8 29. Rc7 Be6 30. Ne7 Rd2 31. Nc6 Rf8 32. Rxa7 Bd7 33. Rf1 Bxc6 34.
Bxc6 Bd4 35. Rd7 Rc8 36. Bb7 Rcc2 37. Rxf7 Kg8 38. Bd5 Bc5 39. Rd7+ Kh8 40. Kh1
Rxa2 41. Rd8+ Kg7 42. b4 Bf8 43. Rc1 Rac2 44. Rxc2 Rxc2 45. b5 Rb2 46. Rd7+ Kh8
47. Bc4 g5 48. Rd5 h6 49. Kg2 Kg7 50. Kf3 Kf6 51. h4 gxh4 52. gxh4 Rb4 53. Bd3
Ke6 54. Rh5 Bg7 55. Be4 Kd6 56. Kf4 Kc7 57. Kf3 Kb6 58. Bc6 Rd4 59. Kg3 Rd3+
60. Kg4 Rd6 61. Rf5 Bc3 62. Rf7 Rd4+ 63. f4 Rd6 64. h5 Bb2 65. Kf5 Bc3 66. Re7
Rf6+ 67. Ke4 Bd2 68. f5 Bc3 69. Re8 Kc7 70. Bd5 Kb6 71. Rc8 Bb2 72. Be6 Ba3 73.
Ke5 Bb2+ 74. Kd5 Ba3 75. Rb8+ Kc7 76. Ra8 Bb4 77. Rc8+ Kb7 78. Rg8 Bd2 79. Rg6
{1-0 (79) Ragger,M (2668)-Tazbir,M (2544) Germany 2014}) 6... O-O 7. Bg2 c6 8.
O-O Nbd7 9. b3 {Häufiger gespielt werden} (9. Rd1) (9. Bg5) (9. Bf4) 9... Ne4
{Hier offenbart sich die Idee von Mamedyarov. Er verändert die katalanische
Struktur zu einem holländischen Stonewall, in dem der Läufer besser auf d6
als auf e7 steht.} 10. Nc3 f5 11. Bf4 {Der Abtausch der schwarzfeldrigen
Läufer ist ein typischer Plan. Viel erreicht Weiß damit aber nicht, vor
allem weil der Läufer auf g2 nur theoretisch besser ist als der weißfeldrige
schwarze Läufer.} Bxf4 12. gxf4 b6 $146 {Eine Neuerung an dieser Stelle.
Meistens reagiert Schwarz mit einem Spiel am Königsflügel nach dem Muster
Kh8, Tg8 nebst g5. Freilich ist b6 in ähnlichen Stellungen schon gespielt
worden.} (12... Kh8) 13. Ne5 Nxe5 14. fxe5 Ba6 {Schwarz hat ausgeglichen.} 15.
Rad1 Rc8 16. f4 Qe7 17. Nxe4 {Ragger entscheidet sich auch das zweite
Springerpaar zu tauschen. Eine Alternative war} (17. Bxe4 fxe4 18. e3 c5 (18...
dxc4 19. b4 Qxb4 20. Nxe4) 19. Qe2 $13) 17... fxe4 18. Qd2 Kh8 19. Rc1 c5 20.
cxd5 exd5 21. dxc5 Rxc5 22. b4 Rxc1 23. Rxc1 Qe6 24. Rc7 g5 (24... Rf7) 25. b5
Rc8 {Möglich war auch das interessante Figurenopfer} (25... Bxb5 $1 26. Qb4
Rg8 27. Qxb5 gxf4 28. Qd7 Qg6 29. Qh3 f3 {mit guter Kompensation, zum Beispiel}
30. exf3 e3 31. Rc1 d4 32. f4 d3 33. Rc8 d2 34. Rxg8+ Kxg8 35. Qd7 Qb1+ 36. Bf1
d1=Q 37. Qe8+ {nebst Dauerschach.}) 26. Qc3 Rxc7 27. Qxc7 Bxb5 28. Qd8+ Be8 $6
{Nach} (28... Qg8 29. Qf6+ Qg7 30. Qd8+ {wäre wohl eine Zugwiederholung
gefolgt.}) 29. Qxg5 h6 30. Qh4 Bd7 31. Kf2 {Jetzt ist Weiß leicht in Vorteil.}
b5 32. e3 b4 $6 {Diese Ungenauigkeit gibt Ragger eine Chance.} 33. Qd8+ {
Doch der Österreicher bietet bei knapper Bedenkzeit Remis. Mit etwas mehr
Zeit auf der Uhr hätte Ragger wohl mit} (33. Qd8+ Kg7 34. Qa5 $16 {einen
Bauern gewonnen und pressen können. Die Verteidigung ist nicht einfach. Zum
Beispiel} a6 35. Qxb4 Bb5 36. a4 Bc4 37. Qb7+) 1/2-1/2

[Event "POL-chT 50th"]
[Site "Lubniewice"]
[Date "1994.??.??"]
[Round "6"]
[White "Gleizerov, Evgeny"]
[Black "Moroz, Alexander"]
[Result "1-0"]
[WhiteElo "2520"]
[BlackElo "2455"]
[Annotator "Chekhov,V"]
[PlyCount "63"]
[EventDate "1994.09.22"]
[EventType "team-tourn"]
[EventRounds "11"]
[EventCountry "POL"]
[SourceTitle "CBM 044"]
[Source "ChessBase"]
[SourceDate "1995.02.01"]
[SourceVersion "1"]
[SourceVersionDate "1995.02.01"]
[SourceQuality "1"]
[WhiteTeam "Legnica Miedz"]
[BlackTeam "Bydgoszcz Chemik"]
[WhiteTeamCountry "POL"]
[BlackTeamCountry "POL"]

1. d4 d5 2. c4 e6 3. Nf3 c6 4. Qc2 Bd6 5. g3 f5 6. Bg2 Nf6 7. O-O O-O 8. Nc3
Ne4 9. Rb1 Qe7 (9... a5 10. a3 Qe7 11. b4 axb4 12. axb4 Bd7 13. c5 Bc7 14. Bf4
Bxf4 15. gxf4 $16 {Grabuzova,T-Zaitseva,L/Orel/1993/}) (9... Bd7 10. b4 Be8 11.
b5 Nd7 12. bxc6 bxc6 13. Nxe4 $1 fxe4 14. Ng5 Rf6 15. c5 Bc7 16. f4 $16 {
Chekhov,V-Yusupov,A/BRD/1993/}) 10. b4 $1 a6 (10... Bxb4 11. Nxe4 dxe4 12. Bg5
Qd7 13. Rxb4 exf3 14. Bxf3 Qxd4 15. Be7 Re8 16. Rd1 Qe5 17. Bd6 $36) 11. a4 Nd7
12. b5 axb5 13. axb5 Kh8 (13... Ndf6 $5) 14. Bf4 Ra3 (14... Bxf4 15. gxf4 Ra3)
15. Bxd6 Qxd6 16. Na4 $16 cxb5 17. cxb5 Ndf6 (17... b6 $5) 18. Ne5 Kg8 (18...
Bd7 $5) 19. Rfc1 Bd7 20. Bxe4 $1 Nxe4 (20... fxe4 21. Qc5 Qxc5 22. Nxc5 Bc8 23.
Ra1 $16) 21. Nc5 Be8 (21... Rc8 22. Nxe4 fxe4 23. Qxc8+ $18) 22. Nxe4 (22. Nxb7
$5 Qb8 23. Nc5 Rc3 24. Qb2) 22... fxe4 23. Qc5 Qxc5 24. dxc5 Ra2 (24... Rf5 25.
c6 bxc6 26. bxc6 Rxe5 27. Rb8 Kf7 28. c7 Bd7 29. Rd8 $18) 25. c6 bxc6 26. bxc6
Rxe2 27. c7 Rfxf2 28. Ng4 Rg2+ 29. Kh1 Bd7 30. Rb8+ Kf7 31. Rd8 Kg6 32. Rxd7
1-0

[Event "Espoo zt"]
[Site "Espoo"]
[Date "1989.??.??"]
[Round "?"]
[White "Schussler, Harry"]
[Black "Agdestein, Simen"]
[Result "0-1"]
[WhiteElo "2540"]
[BlackElo "2605"]
[Annotator "ChessBase"]
[PlyCount "88"]
[EventDate "1989.07.??"]
[EventType "tourn"]
[EventRounds "13"]
[EventCountry "FIN"]
[EventCategory "11"]
[SourceTitle "CBM 014"]
[Source "ChessBase"]
[SourceDate "1990.02.01"]
[SourceVersion "1"]
[SourceVersionDate "1990.02.01"]
[SourceQuality "1"]

1. d4 e6 2. c4 f5 3. Nf3 Nf6 4. g3 d5 5. Bg2 Bd6 6. O-O O-O 7. b3 $1 b6 $5 (
7... Qe7 $2 8. c5 $1) 8. Ba3 Bb7 9. Bxd6 Qxd6 10. Qc2 {19.Nc3} Ne4 11. Nc3 Na6
12. cxd5 (12. Nxe4 dxe4 $1) 12... exd5 13. Rac1 c5 14. Rfd1 Qe6 15. e3 Rae8 $1
16. a3 h6 17. h4 $2 (17. Ne5 $1 cxd4 (17... g5 18. f4 $1) 18. exd4 Rc8 19. Qb2
f4 20. Ne2 $5 fxg3 21. fxg3 $13) 17... Re7 18. Qb2 g5 $5 19. hxg5 hxg5 20. Nxe4
$2 (20. dxc5 bxc5 21. Nxe4 fxe4 22. Nxg5 $1) 20... fxe4 21. Nxg5 Qh6 22. Nh3
Bc8 23. Nf4 Bg4 24. Kf1 (24. Nxd5 Rh7 25. Bxe4 Qh2+ 26. Kf1 Qh1+ $1 27. Bxh1
Rxh1+ 28. Kg2 Bf3#) 24... Qh2 25. dxc5 Rh7 $1 26. Ke1 Rxf4 27. gxf4 Qg1+ 28.
Kd2 Qxf2+ 29. Kc3 Qxe3+ 30. Kc2 Bxd1+ 31. Rxd1 Rh2 32. Rd2 Nxc5 $2 {>= 32...
Qxd2!} 33. Qc3 Qxf4 $6 34. b4 Nd3 35. Qc8+ Kg7 36. Qd7+ Kf6 37. Qxd5 $2 {
>= 37.Qd8+} Rxg2 38. Qd4+ Ke7 39. Rxg2 Ne1+ 40. Kb3 Nxg2 41. Qg7+ Qf7+ 42.
Qxf7+ Kxf7 43. Kc3 e3 44. Kd3 Ke6 0-1

[Event "Interzonal-15"]
[Site "Manila"]
[Date "1990.??.??"]
[Round "6"]
[White "Lautier, Joel"]
[Black "Dolmatov, Sergey"]
[Result "1/2-1/2"]
[WhiteElo "2570"]
[BlackElo "2615"]
[Annotator "ChessBase"]
[PlyCount "51"]
[EventDate "1990.06.29"]
[EventType "swiss"]
[EventRounds "13"]
[EventCountry "PHI"]
[SourceTitle "CBM 019"]
[Source "ChessBase"]
[SourceDate "1990.12.01"]
[SourceVersion "1"]
[SourceVersionDate "1990.12.01"]
[SourceQuality "1"]

1. d4 f5 2. g3 Nf6 3. Bg2 e6 4. Nf3 d5 5. O-O Bd6 6. c4 c6 7. b3 Qe7 8. Bb2 b6
9. Nbd2 Bb7 10. Ne5 O-O 11. Rc1 a5 12. e3 Ne4 (12... Na6) 13. Ndf3 Nd7 14. Nd3
Rac8 15. Nfe5 Nxe5 16. dxe5 Ba3 17. f3 Bxb2 18. Nxb2 Nc5 19. Qc2 $14 Ba6 20.
Rfd1 b5 21. Bf1 Qa7 22. cxd5 cxd5 23. Qd2 b4 24. Qd4 Bxf1 25. Rxf1 Qe7 26. Nd3
1/2-1/2

[Event "Fuerteventura"]
[Site "Fuerteventura"]
[Date "1992.??.??"]
[Round "?"]
[White "Flear, Glenn C"]
[Black "Moskalenko, Viktor"]
[Result "1/2-1/2"]
[WhiteElo "2495"]
[BlackElo "2505"]
[Annotator "ChessBase"]
[PlyCount "107"]
[EventDate "1992.10.??"]
[EventType "tourn"]
[EventRounds "9"]
[EventCountry "ESP"]
[EventCategory "7"]
[SourceTitle "TD"]
[Source "ChessBase"]
[SourceDate "1994.03.01"]
[SourceVersion "1"]
[SourceVersionDate "1994.03.01"]
[SourceQuality "1"]

1. d4 e6 2. c4 f5 3. g3 Nf6 4. Bg2 d5 5. Nh3 c6 6. Qb3 Bd6 7. Bf4 O-O 8. Bxd6
Qxd6 9. O-O b5 $5 {(9...b6 o 9...Cd7 mís sólido)} 10. cxb5 cxb5 11. Qxb5 Nc6
12. Qd3 Rb8 13. Nc3 {(si 13.b3 las negras tienen una buena combinación en 13...
Tb4 14.e3 Cd4! 15.ed4 Ae6 para capturar la torre y el peón d4)} (13. b3 Rb4 14.
e3 Nxd4 $1 15. exd4 Ba6) 13... Rxb2 14. Rfb1 Rb4 $1 15. e3 Ne4 16. Bf1 Bd7 17.
Rxb4 Qxb4 18. Nxe4 fxe4 19. Qd1 Qd6 {(el mejor plan)} 20. Rb1 (20. Be2 h6 21.
f4 Rb8 $1) 20... e5 21. dxe5 Nxe5 22. Nf4 d4 $6 (22... Bc6 $5 23. Bb5 Ba8 24.
Be2 g5 25. Nh5 {la posición no es clara}) 23. Bg2 $1 g5 24. Qxd4 $2 Qxd4 25.
exd4 gxf4 26. dxe5 f3 27. Bf1 Be6 {(o 27...Tc8 era bastante para las tablas)}
28. h3 $5 Rc8 29. a4 h5 {(el principal problema de las negras es el tiempo)}
30. g4 hxg4 31. hxg4 Rc2 32. a5 Bxg4 $2 {(despuÉs de 32...Rf7, tablas)} 33. Kh2
$1 {(ahora las blancas deben ganar)} Be6 34. Kg3 Ra2 $2 {(34...Rf7)} 35. a6 Kf7
36. Rb7+ Kg6 37. Rxa7 $2 (37. Re7 $18) 37... Ra1 $1 38. Bb5 Kf5 39. Re7 Rg1+
40. Kh2 Rg2+ 41. Kh1 $2 {(41.Rh3 única y las blancas un poco mejor, pero
tablas)} Bd5 $1 {(fantística, las negras deben ganar; despuÉs de 41...Tf2?? 42.
Te6! Re6 43.a7!+-)} (41... Rxf2 $4 42. Rxe6 $1 Kxe6 43. a7 $1 $18) 42. a7 Rxf2
$1 43. Bc4 e3 $1 44. Bd3+ $5 (44. Bxd5 e2 $19) 44... Kf4 45. Rf7+ Kxe5 $2 (
45... Bxf7 $3 $8 {(es única)} 46. a8=Q e2 47. Qa1 (47. Qe4+ Kg3 48. Bxe2 Rxe2
$19) 47... Rf1+ $1 48. Qxf1 exf1=Q+ 49. Bxf1 Kg3 $1 $19) 46. Re7+ Kf4 {(las
negras no tienen tiempo pero 46...Rd4 tambiÉn da tablas tras de 47.Ae4)} 47.
Be4 $1 Ra2 $5 48. Bxd5 Rxa7 49. Rxa7 e2 50. Rf7+ Kg5 51. Rg7+ $2 {(51.Af3=)}
Kh6 52. Bxf3 e1=Q+ 53. Rg1 Qf2 $1 54. Bd1 $4 {(pero tablas: las negras ya no
tienen tiempo para la magnífica 53...Rh7!!-+)} 1/2-1/2

[Event "Khanty-Mansiysk FIDE GP (Women)"]
[Site "Khanty-Mansiysk"]
[Date "2014.04.19"]
[Round "9"]
[White "Dzagnidze, Nana"]
[Black "Stefanova, Antoaneta"]
[Result "1-0"]
[WhiteElo "2550"]
[BlackElo "2489"]
[Annotator "ChessBase Website"]
[PlyCount "83"]
[EventDate "2014.04.09"]
[EventType "tourn"]
[EventRounds "11"]
[EventCountry "RUS"]
[EventCategory "10"]
[SourceTitle "CBM 160"]
[Source "ChessBase"]
[SourceDate "2014.05.15"]
[SourceVersion "1"]
[SourceVersionDate "2014.05.15"]
[SourceQuality "1"]
[TimeControl "40/5400+30:1800+30"]
[WhiteClock "1:30:00"]
[BlackClock "1:30:00"]

1. d4 {[%emt 0:00:00]} d5 {[%emt 0:00:00]} 2. c4 {[%emt 0:00:00]} c6 {[%emt 0:
00:00]} 3. Nf3 {[%emt 0:00:00]} e6 {[%emt 0:00:00]} 4. Nbd2 {[%emt 0:03:09]} f5
{[%emt 0:09:05]} 5. g3 {[%emt 0:09:58]} Nf6 {[%emt 0:06:48]} 6. Bg2 {[%emt 0:
05:17]} Bd6 {[%emt 0:03:36]} 7. O-O {[%emt 0:00:07]} Nbd7 {[%emt 0:06:07]} 8.
b3 {[%emt 0:19:35]} Qe7 {[%emt 0:00:51]} 9. Bb2 {[%emt 0:02:06]} b6 {[%emt 0:
03:48]} (9... Ne4 10. Qc2 O-O 11. Rad1 a5 12. Ne1 b5 13. Nxe4 fxe4 14. c5 Bc7
15. f3 exf3 16. exf3 e5 17. Nd3 exd4 18. Bxd4 b4 19. Rfe1 Qf7 20. Re3 Re8 21.
Rde1 Ba6 22. Bh3 Nf8 23. Ne5 Bxe5 24. Rxe5 Rxe5 25. Rxe5 Re8 26. Qf5 g6 27.
Qxf7+ Kxf7 28. Rxe8 Kxe8 29. Kf2 Bd3 30. Be5 Nd7 31. Bxd7+ Kxd7 32. Ke3 Bb1 {
1/2-1/2 (32) Portisch,L (2523)-Vaganian,R (2617) Bazna 2008}) 10. cxd5 $146 {
[%emt 0:06:18]} (10. Ne5 Bb7 11. Rc1 Rc8 12. e3 O-O 13. Qe2 Ne4 14. Ndf3 Rfd8
15. Nd3 c5 16. cxd5 exd5 17. dxc5 bxc5 18. Nh4 g6 19. Ba1 Nef6 20. Rfd1 Qf7 21.
Nf4 Be5 {1/2-1/2 (21) Skomorokhin,R (2378)-Ivanov,O (2467) Vladimir 2008})
10... cxd5 {[%emt 0:07:26]} 11. Ne5 {[%emt 0:00:06]} b5 {[%emt 0:06:04]} 12.
Nc6 {[%emt 0:13:46]} Qf7 {[%emt 0:04:10]} 13. Nf3 {[%emt 0:03:53]} O-O {
[%emt 0:04:55]} 14. Qd3 {[%emt 0:01:50]} a5 {[%emt 0:03:01]} 15. Bc1 {[%emt 0:
08:37]} Bb7 {[%emt 0:04:50]} 16. Nce5 {[%emt 0:00:27]} Qe7 {[%emt 0:02:14]} 17.
Bf4 {[%emt 0:00:12]} Ne4 {[%emt 0:06:45]} 18. Rfc1 {[%emt 0:09:03]} Nxe5 {
[%emt 0:07:34]} 19. Nxe5 {[%emt 0:01:00]} g5 {[%emt 0:04:49]} 20. Bd2 {[%emt 0:
00:07]} b4 {[%emt 0:02:42]} 21. Be1 {[%emt 0:06:51]} Ba6 {[%emt 0:05:31]} 22.
Qc2 {[%emt 0:00:43]} Rac8 {[%emt 0:03:02]} 23. Qb2 {[%emt 0:00:10]} g4 {
[%emt 0:02:57]} 24. Bxe4 {[%emt 0:04:48]} dxe4 {[%emt 0:00:41]} 25. Bd2 {
[%emt 0:00:08]} Bxe5 {[%emt 0:01:25]} 26. dxe5 {[%emt 0:00:05]} h5 {[%emt 0:00:
51]} 27. Bh6 {[%emt 0:01:32]} Rfd8 {[%emt 0:01:26]} 28. Rxc8 {[%emt 0:00:09]}
Rxc8 {[%emt 0:00:04]} 29. Rd1 {[%emt 0:00:22]} Bb7 {[%emt 0:01:50]} 30. Rd6 {
[%emt 0:00:20]} Bd5 {[%emt 0:00:25]} 31. Qd2 {[%emt 0:00:13]} Kh7 {[%emt 0:00:
22]} 32. Be3 {[%emt 0:01:32]} Qc7 {[%emt 0:00:43]} 33. Rxd5 $1 {[%emt 0:00:55]
A strange Stone Wall came to an abrupt end when Dzagnidze sacrificed an
exchange for activity against Stefanova. The Bulgarian player still had some
defensive resources but for some reason she was unable to find them and her
entire position collapsed.} exd5 {[%emt 0:00:06]} 34. Qxd5 {[%emt 0:00:02]} Rd8
{[%emt 0:01:53]} 35. Qe6 {[%emt 0:00:08]} Qd7 {[%emt 0:00:42]} 36. Qh6+ {
[%emt 0:00:12]} Kg8 {[%emt 0:00:02]} 37. Qg5+ {[%emt 0:01:07]} Kh7 {[%emt 0:00:
33]} 38. Qxh5+ {[%emt 0:00:22]} Kg8 {[%emt 0:00:02]} 39. Qg5+ {[%emt 0:00:36]}
Kh7 {[%emt 0:00:22]} 40. e6 {[%emt 0:00:00]} Qd1+ {[%emt 0:00:00]} 41. Kg2 {
[%emt 0:01:25]} Rd5 {[%emt 0:09:36]} 42. Qe7+ {[%emt 0:01:48]} 1-0